Les 111 communes les plus riches de France - Statistiques

Statistiques générales
  • Ce quiz a été pris 105 fois
  • Le résultat moyen est 17 sur 111
Statistiques - réponses
Revenu médian Département Commune % Correct
32 510 € Yvelines Versailles
80%
46 180 € Hauts-de-Seine Neuilly-sur-Seine
79%
33 160 € Hauts-de-Seine Levallois-Perret
70%
33 860 € Hauts-de-Seine Boulogne-Billancourt
56%
31 760 € Yvelines Saint-Germain-en-Laye
51%
38 440 € Hauts-de-Seine Saint-Cloud
43%
31 040 € Hauts-de-Seine Courbevoie
41%
29 580 € Hauts-de-Seine Puteaux
40%
31 690 € Hauts-de-Seine Rueil-Malmaison
38%
32 270 € Hauts-de-Seine Issy-les-Moulineaux
35%
30 490 € Hauts-de-Seine Suresnes
35%
32 550 € Hauts-de-Seine Sèvres
33%
33 070 Ain Gex
32%
34 670 € Hauts-de-Seine Sceaux
32%
33 350 € Val-de-Marne Vincennes
32%
24 980 € Hauts-de-Seine Meudon
30%
34 640 € Hauts-de-Seine Garches
29%
40 430 € Hauts-de-Seine Vaucresson
27%
41 480 € Yvelines Le Vésinet
26%
34 380 € Val-de-Marne Saint-Mandé
26%
31 000 € Hauts-de-Seine Chaville
24%
30 670 € Hauts-de-Seine Antony
23%
31 120 € Hauts-de-Seine Bois-Colombes
23%
32 120 € Yvelines Chatou
23%
38 630 € Rhône Saint-Cyr-au-Mont-d'Or
23%
30 780 € Val-de-Marne Saint-Maur-des-Fossés
23%
31 630 € Hauts-de-Seine La Garenne-Colombes
22%
31 520 € Haute-Savoie Saint-Julien-en-Genevois
21%
32 590 € Yvelines Le Chesnay-Rocquencourt
20%
29 480 € Hauts-de-Seine Le Plessis-Robinson
20%
29 460 € Hauts-de-Seine Vanves
20%
34 770 € Doubs Villiers-le-Lac
20%
30 330 € Val-de-Marne Bry-sur-Marne
18%
31 910 € Val-de-Marne Nogent-sur-Marne
18%
36 370 € Yvelines Noisy-le-Roi
18%
31 220 € Yvelines Bougival
17%
44 820 € Ain Divonne-les-Bains
17%
34 160 € Yvelines Gif-sur-Yvette
17%
34 990 € Yvelines Jouy-en-Josas
17%
30 350 € Yvelines Marly-le-Roi
17%
42 950 € Yvelines Saint-Nom-la-Bretèche
17%
36 640 € Hauts-de-Seine Ville-d'Avray
17%
34 820 € Yvelines Viroflay
17%
35 650 € Yvelines Maisons-Laffitte
16%
32 500 € Hauts-de-Seine Bourg-la-Reine
15%
34 230 € Yvelines Saint-Rémy-lès-Chevreuse
15%
38 160 € Yvelines Croissy-sur-Seine
13%
31 960 € Essonne Orsay
13%
30 020 € Val-d'Oise Enghien-les-Bains
12%
35 700 € Yvelines Louveciennes
12%
29 780 € Yvelines Montignyle-Bretonneux
12%
29 370 € Ain Saint-Genis-Pouilly
12%
31 180 € Yvelines Carrières-sur-Seine
11%
35 440 € Rhône Charbonnières-les-Bains
11%
32 020 € Yvelines Chevreuse
10%
31 380 € Rhône Dardilly
10%
31 550 € Yvelines Montesson
10%
36 890 € Ain Thoiry
10%
34 800 € Yvelines Buc
9%
35 700 € Yvelines Orgeval
9%
40 250 € Rhône Saint-Didier-au-Mont-d'Or
9%
31 160 € Seine-Maritime Bois-Guillaume
7%
32 690 € Yvelines Bures-sur-Yvette
7%
32 370 € Yvelines Chambourcy
7%
34 600 € Yvelines Le Mesnil-le-Roi
7%
32 480 € Yvelines Le Mesnil-Saint-Denis
7%
29 720 € Val-de-Marne Le Perreux-sur-Marne
7%
31 580 € Seine-Maritime Sainte-Adresse
7%
29 840 € Essonne Soisy-sur-Seine
7%
29 430 € Bouches-du-Rhône Bouc-Bel-Air
6%
31 170 € Bouches-du-Rhône Cabriès
6%
30 280 € Oise Gouvieux
6%
29 580 € Ille-et-Vilaine Saint-Grégoire
6%
31 300 € Isère Saint-Martin-d'Uriage
6%
34 760 € Yvelines Voisins-le-Bretonneux
6%
31 410 € Haute-Savoie Bons-en-Chablais
5%
30 080 € Rhône Chaponost
5%
32 570 € Oise Lamorlaye
5%
29 840 € Doubs Morteau
5%
41 270 € Ain Prevessin-Moëns
5%
20 510 € Haute-Savoie Sciez
5%
36 410 € Haute-Savoie Valleiry
5%
35 130 € Essonne Verrières-le-Buisson
5%
38 310 € Haute-Savoie Viry
5%
32 120 € Seine-et-Marne Bois-le-Roi
4%
30 370 € Haute-Savoie Douvaine
4%
30 070 € Moselle Hettange-Grande
4%
30 350 € Essonne Igny
4%
32 270 € Alpes-Maritimes Roquefort-les-Pins
4%
34 180 € Hérault Saint-Clément-de-Rivière
4%
32 610 € Bouches-du-Rhône Ventabren
4%
31 040 € Haute-Savoie Vétraz-Monthoux
4%
37 870 € Yvelines Villennes-sur-Seine
4%
33 090 € Nord Bondues
2%
30 540 € Bouches-du-Rhône Carry-le-Rouet
2%
34 950 € Haute-Savoie Cranves-Sales
2%
30 920 € Bouches-du-Rhône Éguilles
2%
31 790 € Haut-Rhin Kembs
2%
32 160 € Isère Montbonnot-Saint-Martin
2%
29 580 € Gironde Saint-Aubin-de-Médoc
2%
33 860 € Isère Saint-Ismier
2%
30 060 € Val-d'Oise Saint-Prix
2%
29 530 € Essonne Villemoisson-sur-Orge
2%
32 070 € Yvelines Jouars-Pontchartrain
1%
30 070 € Seine-et-Marne Lésigny
1%
29 350 € Essonne Limours
1%
31 490 € Haute-Savoie Reignier-Ésery
1%
33 190 € Haut-Rhin Blotzheim
0%
30 110 € Haute-Savoie Fillière
0%
29 600 Pyrénées-Atlantiques Idron
0%
29 780 € Haute-Garonne Pibrac
0%
Aucun quiz correspondant
Distribution des résultats
% des personnes avec chaque résultat
Percentile par nombre de réponses
Votre historique - résultats
Vous n’avez pas pris ce quiz